UMK-kappaleet 2025 - Statistics

Yleistilastot
  • Tätä visaa on pelattu 79 kertaa
  • Keskiarvotulos 6 / 7
Vastaustilastot
Artisti Kappale % Oikein
Erika Vikman ICH KOMME
94%
Nelli Matula Hitaammin hautaan
90%
VIIVI Aina
83%
costee Sekaisin
79%
Goldielocks Made of
76%
One morning left Puppy
70%
NEEA RIVER Nightmares
67%
Ehtoja vastaavia visoja ei löytynyt
Tulosjakauma
Jokaisen tuloksen saaneiden osuus
Persentiili vastausten määrän mukaan
Tuloshistoriasi
Et ole pelannut tätä visaa